All Victorian Metropolitan Men's Field Hockey Clubs - Statistics

General Stats
  • This quiz has been taken 3 times
  • The average score is 32 of 53
Answer Stats
Answers League % Correct
Altona Premier League
100%
Camberwell Premier League
100%
Doncaster Premier League
100%
Essendon Premier League
100%
Footscray Premier League
100%
Greensborough Premier League
100%
Hawthorn Premier League
100%
Hume Vic League 3
100%
La Trobe University Vic League 3
100%
Maccabi Metro 1 East
100%
MCC Premier League
100%
Melbourne University Vic League 1
100%
Monash University Vic League 1
100%
PEGS Vic League 1
100%
RMIT Vic League 3
100%
St. Bede's Vic League 2
100%
Waverley Premier League
100%
Yarra Vic League 1
100%
Caroline Springs Vic League 2
67%
Casey Vic League 1
67%
Collegians X Metro 1 South
67%
Craigieburn Falcons Vic League 1
67%
Frankston Vic League 2
67%
Geelong Sharks Vic League 1
67%
KBH Brumbies Premier League
67%
Knox Vic League 2
67%
Melbourne High School Old Boys Vic League 2
67%
Melton Vic League 3
67%
Mentone Premier League
67%
Old Carey Metro 2 East
67%
Old Xaverians Vic League 1
67%
Southern United Premier League
67%
Werribee Vic League 2
67%
Bayside Powerhouse Vic League 2
33%
Cardinia Storm Metro 1 South
33%
Eastern Christian (ECHO) Vic League 1
33%
East Gippsland Giants Vic League 3
33%
Gippsland Strikers Vic League 3
33%
Glen Eira Metro 1 East
33%
Greater Dandenong Warriors Vic League 2
33%
Mornington Peninsula Metro 2 South
33%
North West Lighting Vic League 1
33%
Old Melburnians Metro 2 East
33%
Toorak East Malvern (TEM) Vic League 1
33%
WestVic Vic League 1
33%
Whittlesea Metro 2 North West
33%
Brunswick Vic League 2
0%
Croydon Rangers Vic League 3
0%
Melbourne Razorbacks Vic League 3
0%
Melbourne Sikhs United Vic League 3
0%
Old East Malvern Metro 2 East
0%
Old Haileyburians Association Metro 2 South
0%
Old Trinity Grammarians Vic League 3
0%
No matching quizzes found
Score Distribution
Percent of People with Each Score
Percentile by Number Answered
Your Score History
You have not taken this quiz